000 00640nam a22002177a 4500
003 UA-OsUOA
001 126876
007 ta
008 20171113b un ||||| |||| 00| 0 ukr d
100 _aРижков В.
090 _a94(477)
_bР49
942 _cSA
040 _aUA-OsUOA
_bukr
_cUA-OsUOA
_dUA-OsUOA
245 _aЗаліська Україна. Слов'янська колонізація басейну Волги і Оки та її наслідки
300 _aС.20
955 _a0
041 _aukr
080 _a94(477)
773 0 _w126873
650 7 _a9 Географія. Біографії. Історія
_2UDC
999 _c414028
_d414028